Catálogo
 En Linea

Simumis / (Registro nro. 43545)

Detalles MARC
000 -CABECERA
campo de control de longitud fija 00813nam a2200217 a 4500
001 - NÚMERO DE CONTROL
campo de control 000044056
005 - FECHA Y HORA DE LA ÚLTIMA TRANSACCIÓN
campo de control 20201002045124.0
008 - DATOS DE LONGITUD FIJA--INFORMACIÓN GENERAL
campo de control de longitud fija 140514s2001 sp 000 p spa d
040 ## - FUENTE DE LA CATALOGACIÓN
Centro catalogador/agencia de origen DO-SdBNP
Lengua de catalogación spa
Centro/agencia transcriptor BNPHU
041 17 - CÓDIGO DE LENGUA
Código de lengua del texto/banda sonora o título independiente spa
Código de lengua original port.
082 ## - NÚMERO DE LA CLASIFICACIÓN DECIMAL DEWEY
Número de clasificación xxxx
Número de documento/Ítem xxxx
100 1# - ENTRADA PRINCIPAL--NOMBRE DE PERSONA
Nombre de persona Vespeira, Marcelino
Fechas asociadas al nombre 1925-
9 (RLIN) 72043
240 10 - TÍTULO UNIFORME
Título uniforme Simumis
Lenguaje de la obra Español
245 10 - MENCIÓN DE TÍTULO
Título Simumis /
Mención de responsabilidad, etc. Marcelino Vespeira ; edición y traducción Perfecto E. Cuadrado.
260 ## - PUBLICACIÓN, DISTRIBUCIÓN, ETC.
Lugar de publicación, distribución, etc. [Mérida] :
Nombre del editor, distribuidor, etc. Junta de Extremadura,
-- Gabinete de iniciativas transfronterizas,
Fecha de publicación, distribución, etc. 2001.
300 ## - DESCRIPCIÓN FÍSICA
Extensión 53 p. ;
Dimensiones 20 cm.
490 1# - MENCIÓN DE SERIE
Mención de serie La Estirpe de los argonautas
-- cuadernos de poesía
Designación de volumen o secuencia 7
500 ## - NOTA GENERAL
Nota general Text bilinguüe castellà-portuguès.
700 12 - PUNTO DE ACCESO ADICIONAL--NOMBRE DE PERSONA
Nombre de persona Cuadrado, Perfecto E.
Término indicativo de función/relación tr.
9 (RLIN) 69923
830 #0 - PUNTO DE ACCESO ADICIONAL DE SERIE-TÍTULO UNIFORME
Título uniforme La Estirpe de los argonautas
Nombre de parte o sección de la obra cuadernos de poesía ;
Número de parte o sección de la obra 7
9 (RLIN) 72044
Existencias
Estado de retiro Estado de pérdida Restricciones de uso No para préstamo Código de colección Localización permanente Ubicación/localización actual Ubicación en estantería Fecha de adquisición Número de inventario Total de préstamos Signatura topográfica completa Código de barras Fecha visto por última vez Precio válido a partir de Tipo de ítem Koha
      Excluido de préstamo Monografías: Libros y Folletos General General En catalogación 14.05.2014 LF1   xxxx xxxx 44056-10 25.06.2020 25.06.2020 No se presta

Con tecnología Koha